| 000 | 00643cam a22002293a 4500 | ||
|---|---|---|---|
| 001 | 22353 | ||
| 003 | PGUSA | ||
| 005 | 20140828083457.0 | ||
| 008 | 070818s2007||||xxu|||||s|||||000 | eng d | ||
| 040 |
_aPGUSA _beng |
||
| 042 | _adc | ||
| 050 | 4 | _aPN | |
| 100 | 1 |
_aAmos, Flora Ross, _d1881- |
|
| 245 | 1 | 0 |
_aEarly Theories of Translation _h[electronic resource] / _cFlora Ross Amos |
| 260 |
_bProject Gutenberg, _c2007 |
||
| 506 | _aPublic domain in the USA. | ||
| 516 | _aElectronic text | ||
| 653 | _aTranslating and interpreting | ||
| 830 | 0 |
_aProject Gutenberg _v22353 |
|
| 856 | 4 | 0 | _uhttp://www.gutenberg.org/ebooks/22353 |
| 942 | _cEB | ||
| 999 |
_c251608 _d251608 |
||